00443nam a2200169 450000100060000001000180000600500170002402100170004110000410005810100080009910200070010710500180011470000280013220000490016021000430020921500210025230851 a978972360338520220405165456.0 aPTb80430/94 a20100107d2009 a 0pory5003 ba apor aPT aa z 00 y 1aSoares bLuísa Ducla 1 a